000 00819cam a2200265 i 4500
001 5984
003 BD-RjUL
005 20211208234150.0
008 140108s1977 b b 000 0 eng d
035 _a(BD-RjUL)6023
040 _aDLC
_cDLC
_dDLC
_dBD-RjUL
_beng
041 _aeng
082 0 0 _a336.2009549
_bALT 1977
100 1 _aAlam, Bilquis Ara.
_918815
245 1 0 _aTax collection of Dacca Pourashava :
_ban enquiry into selected aspects /
_cby Bilquis Ara Alam.
260 _aDacca :
_bLocal Government Institute,
_c1977.
300 _axiii, 131 p. ;
_bill.;
_c25 cm.
500 _aTk18.00
504 _aBibliography: p. 130-131.
650 0 _aTaxation
_zBangladesh
_zDhaka.
_918816
650 0 _aTax collection
_zBangladesh
_zDhaka.
_918817
942 _2ddc
_cBK
999 _c5984
_d5984